00000000nam 2200000zi 4500
0019.947554
003CaOODSP
00520250130111220
006m     o  d f      
007cr cn|||||||||
008250130e200308##qucabd  ob   f000 0 fre d
040 |aCaOODSP|bfre|erda|cCaOODSP
043 |an-cn---|an-us---
0861 |aEn57-52/130F-PDF
1001 |aOuellet, Valérie, |eauteur.
24510|aValidation des données LIDAR du tronçon Montréal / Trois-Rivières, pour la modélisation de la végétation émergente / |cValérie Ouellet, Jean Morin, Olivier Champoux et Sylvain Martin.
264 1|aSainte-Foy : |bEnvironnement Canada, |cAoût 2003.
300 |a1 ressource en ligne (iv, 25 pages) : |billustrations, cartes, graphiques.
336 |atexte|btxt|2rdacontent/fre
337 |ainformatique|bc|2rdamedia/fre
338 |aressource en ligne|bcr|2rdacarrier/fre
4901 |aRapport technique SMC Québec - Section hydrologie ; |vRT-130
500 |aTitre de la couverture.
500 |aÉdition numérisée de l'imprimé [par Environnement et changement climatique Canada].
504 |aComprend des références bibliographiques (page 25).
5203 |a« Un modèle de terrain développé pour la modélisation des milieux humides du fleuve Saint-Laurent a été mise en place par le Service météorologique du Canada-section hydrologie (SMC-hydrologie). Grâce à l'intégration de variables abiotiques et biotiques basé sur un modèle de terrain précis, il sera possible de tenter de modéliser la distribution spatiale de la végétation émergente » -- Introduction, page 1.
650 6|aCartographie des zones humides|zSaint-Laurent (Fleuve)|xTélédétection.
650 6|aCartographie de la végétation|zSaint-Laurent (Fleuve)|xTélédétection.
650 6|aLidar|zSaint-Laurent (Fleuve)
650 0|aWetland mapping|zSaint Lawrence River|xRemote sensing.
650 0|aVegetation mapping|zSaint Lawrence River|xRemote sensing.
650 0|aOptical radar|zSaint Lawrence River.
7102 |aService météorologique du Canada. |bRégion du Québec. |bSection hydrologie‏, |eorganisme de publication.
830#0|aRapport technique SMC - Section hydrologie ;|vRT-130.|w(CaOODSP)9.920057
85640|qPDF|s3.31 Mo|uhttps://publications.gc.ca/collections/collection_2025/eccc/en57/En57-52-130-fra.pdf